| 000 | 00000nam##2200000za#4500 |
| 001 | 9.603502 |
| 003 | CaOODSP |
| 005 | 20210624211114 |
| 007 | cr ||||||||||| |
| 008 | 150406|2000||||xxc|||||o f|0| 0 fre|d |
| 040 | |aCaOODSP|bfre |
| 043 | |an-cn--- |
| 086 | 1 |aH113-7/2000-3F-PDF |
| 110 | 1 |aCanada.|bSanté Canada. |bAgence de réglementation de la lutte antiparasitaire. |
| 245 | 10|aClean Crop Dinoseb 300, concentré émulsionnable à usage restreint (numéro d'homologation 15086) |h[ressource électronique] |
| 260 | |aOttawa - Ontario : |bSanté Canada. |cLe 20 mars 2000. |
| 300 | |a1p. |
| 490 | 1 |aNote réglementaire |vREG2000-03 |
| 590 | |a12-08-Supp|b2012-03-16 |
| 775 | 08|tClean crop dinoseb 300 restricted emulsifiable concentrate (PCP 15086) |w(CaOODSP)9.573290 |
| 830 | #0|aNote réglementaire ;|vREG2000-03|w(CaOODSP)9.500880 |
| 856 | 40|ahttp://publications.gc.ca|qPDF|s91 Ko|uhttps://publications.gc.ca/collections/collection_2012/sc-hc/H113-7-2000-3-fra.pdf|yREG2000-03 |